Robert Desnos

Guardado en:
Detalles Bibliográficos
Autor principal: Berger, Pierre (Autor)
Formato: Libro
Lenguaje:francés
Publicado: París Pierre Seghers 1970
Colección:Poetes d'Aujourd'Hui, 16
Materias:
Etiquetas: Agregar Etiqueta
Sin Etiquetas, Sea el primero en etiquetar este registro!

MARC

LEADER 00000nam a2200000 a 4500
001 UCO5599
003 CL-VaPUC
008 000908e19700000FR |||||||||||||||||fre|d
082 0 4 |a 841.09  |b BER  |2 21 
100 0 |a Berger, Pierre  |e author  |9 450291 
245 1 0 |a Robert Desnos 
300 |a 191 p 
942 |c BK 
945 |d 20000908 00:00:00  |a crobeson 
260 |a París  |b Pierre Seghers  |c 1970 
600 0 7 |a DESNOS, ROBERT  |2 CL-VaPUC  |9 449701 
650 0 |a Poesía francesa  |9 264947 
650 0 |a Crítica e interpretación   |9 255042 
583 |a last modification  |c 20000908 00:00:00  |k Rodrigo Vera 
490 0 |a Poetes d'Aujourd'Hui, 16 
999 |c 291449  |d 291447 
952 |0 0  |1 0  |4 0  |6 841_090000000000000_BER_1970  |7 0  |8 P  |9 341290  |a BIBART  |b BIBART  |d 2019-11-20  |i 307479K  |o 841.09 BER 1970  |p 307479K  |r 2025-03-13  |w 2019-11-20  |y BK  |k ART 
952 |0 0  |1 0  |4 0  |6 841_090000000000000_BER_1970  |7 0  |8 P  |9 341291  |a BIBART  |b BIBART  |d 2019-11-20  |i 3074803  |o 841.09 BER 1970  |p 3074803  |r 2025-03-13  |w 2019-11-20  |y BK  |k ART